000 00679nam a2200253Ia 4500
003 OSt
005 20221006145439.0
006 a|||||r|||| 00| 0
007 ta
008 221006b |||||||| |||| 00| 0 eng d
024 _a14,848
037 _bGift,
_cTextual
040 _aEASL
_cEASL
_beng
041 _2eng
_aeng
082 _aO41,6N32x, M1
100 _aFENGXIA Xin Au.
_9654473
245 0 _aReminiscences
260 _aBeijing
_bPanda Books
_c1981
300 _a160p.
_ccm.
490 _v CEL
700 _a YANG Gladys Tr.
_966024
942 _hO41,6N32x, M1
_cTEXL
_2CC
999 _c1082934
_d1082934